Constitutional law classicus. (Record no. 39727)

MARC details
000 -LEADER
fixed length control field 00374nam a2200157Ia 4500
050 ## - CALL MARK
Classification number KP 77 .A4/
100 ## - STATEMENT OF RESPONSIBILITY--MAIN AUTHOR NAME
Personal name Akeredolu Alero.[ vol.1 ]
245 #0 - TITLE STATEMENT
Title Constitutional law classicus.
260 ## - PUBLICATION, DISTRIBUTION, ETC. (IMPRINT)
Place of publication Ibadan
260 ## - PUBLICATION, DISTRIBUTION, ETC. (IMPRINT)
Name of publisher st. paul publisher
300 ## - PHYSICAL DESCRIPTION
Number of Pages 654 p
650 ## - SUBJECT ADDED ENTRY--TOPICAL TERM
Topical Term Ibadan
942 ## - ADDED ENTRY ELEMENTS (KOHA)
Koha item type Books
Holdings
Withdrawn status Lost status Source of classification or shelving scheme Damaged status Not for loan Permanent Location Current Location Shelving location Date acquired Accession Number Price effective from Koha item type
    Library of Congress Classification     Law Library Law Library Items on shelf 06/03/2025 0186255 06/03/2025 Books
    Library of Congress Classification     Law Library Law Library Items on shelf 06/03/2025 0186256 06/03/2025 Books
    Library of Congress Classification     Law Library Law Library Items on shelf 06/03/2025 0186257 06/03/2025 Books